000 01142nam a22003017i 4500
003 EG-GICUC
005 20260121101510.0
008 251216s1941 ua ||||fr|||| 00| 0 ara d
040 _a EG-GICUC
_bara
_c EG-GICUC
_d EG-GICUC
_erda
041 _aara
082 0 4 _221
_a343.6
_bم ح . ا
092 0 4 _221
099 _aLaw1 10 343.6 م ح . ا 1941
100 0 _aمحمد البابلى
_eمؤلف.
245 1 2 _aالاجرام في مصر :
_bاسبابه وطرق علاجه /
_cمحمد البابلى.
264 3 _aالقاهرة :
_bمطبعة دار الكتب المصرية،
_c1941.
300 _a577 ؛ صفحة
_c24 سم.
336 _2rda content
_atext
337 _2rda media
_aComputer
338 _2rda carrier
_aOnline Resource
504 _aيحتوي على ارجاعات ببليوجرافية
546 _aالنص أغلبه باللغة العربية مع بعض النصوص الإنجليزية
650 1 4 _aعلم الإجرام
_xالقانون الجنائي
_2qrmak
651 1 _2qrmak
856 4 0 _uhttps://fll.law.cu.edu.eg/fulltext/bks/B10-07132.pdf
905 _a75
942 _2ddc
_cBK
_e21
_n0
999 _c50879
_d50879